Statistiken für Pokemon Attacken der 4. Generation

Klicken Sie hier um das Quiz zu spielen!

Allgemein

  • Dieses Quiz wurde 100 mal gespielt
  • Das Durchschnittsergebnis liegt bei 43 aus 113

Antwortstatistiken

TypAttacke% Korrekt
BodenErdkräfte
79%
FeuerFlammenblitz
75%
DracheDrachenstoß
71%
DracheZeitenlärm
71%
DracheDraco Meteor
67%
KampfNahkampf
67%
PsychoPsychoklinge
67%
DracheRaumschlag
67%
UnlichtFinsteraura
63%
FlugLuftschnitt
63%
FlugSturzflug
63%
Stahl
Lichtkanone
58%
GiftGifthieb
58%
KäferKäferbiss
58%
ElektroLadestrahl
58%
GesteinSteinkante
58%
GesteinTarnsteine
58%
WasserWasserdüse
58%
ElektroDonnerzahn
54%
DracheDrachenpuls
54%
KäferKäfergebrumm
54%
KäferKreuzschere
54%
WasserLake
54%
GeistSchemenkraft
54%
KampfAbleithieb
50%
GeistDunkelklaue
50%
EisEiszahn
50%
PflanzeEnergieball
50%
FeuerFeuerzahn
50%
FeuerFlammensturm
50%
ElektroLadungsstoß
50%
GiftMülltreffer
50%
WasserNassschweif
50%
GeistSchattenstoß
50%
UnlichtTiefschlag
50%
PsychoBizarroraum
46%
NormalGigastoß
46%
GesteinJuwelenkraft
46%
EisLawine
46%
PsychoLunartanz
46%
UnlichtNachthieb
46%
FlugRuheort
46%
FlugAuflockern
42%
EisEissplitter
42%
KampfFokusstoß
42%
PflanzeHolzhammer
42%
ElektroMagnetflug
42%
StahlPatronenhieb
42%
BodenSchlammbombe
42%
PflanzeSchocksamen
42%
KampfAurasphäre
38%
PflanzeBlattgeißel
38%
KäferBlockbefehl
38%
Stahl
Spiegelsalve
38%
StahlEisenschädel
38%
GesteinFelswerfer
38%
KäferHeilbefehl
38%
NormalKraxler
38%
FeuerLavasturm
38%
StahlMetallstoß
38%
PflanzeSamenbomben
38%
KäferSchlagbefehl
38%
UnlichtSchlummerort
38%
PflanzeStrauchler
38%
NormalUrteilskraft
38%
PflanzeBlättersturm
33%
Geist
Unheilböen
33%
KäferKehrtwende
33%
NormalQuetschgriff
33%
WasserWasserring
33%
NormalBeschwörung
29%
GiftGiftstreich
29%
StahlGyroball
29%
PsychoHeilopfer
29%
GesteinKopfstoß
29%
StahlMagnetbombe
29%
FlugPflücker
29%
FlugRückenwind
29%
PflanzeSorgensamen
29%
NormalAkupressur
25%
NormalDoppelschlag
25%
UnlichtGegenstoß
25%
FlugGeschwätz
25%
GiftGiftspitzen
25%
UnlichtItemsperre
25%
UnlichtRänkeschmied
25%
PsychoStatustausch
25%
GesteinSteinpolitur
25%
KampfVakuumwelle
25%
PsychoZen-Kopfstoß
25%
Normal
Auswringen
21%
Psycho
Heilblockade
21%
KampfHammerarm
21%
PsychoKrafttausch
21%
KampfKraftwelle
21%
UnlichtSchleuder
21%
PsychoWunderauge
21%
NormalBeerenkräfte
17%
GiftMagensäfte
17%
PsychoSchutztausch
17%
UnlichtStrafattacke
17%
UnlichtWechseldich
17%
PsychoErdanziehung
13%
UnlichtGewissheit
13%
PsychoKrafttrick
13%
NormalOffenlegung
13%
NormalEgotrip
8%
NormalImitator
8%
NormalLiebreiz
8%
PsychoPsybann
8%
NormalTrumpfkarte
8%
KampfWeckruf
8%
NormalZuflucht
8%

Verteilung der Resultate

Perzentil nach korrekt beantworteten Fragen

Anzahl Personen mit jedem Resultat

Ihre Resultats-Entwicklung

Sie haben dieses Quiz noch nicht gespielt